The Cambridge history of English literature, 1660-1780 / (Record no. 18911)
[ view plain ]
| 000 -LEADER | |
|---|---|
| fixed length control field | 01483cam a22003735a 4500 |
| 001 - CONTROL NUMBER | |
| control field | 14005444 |
| 003 - CONTROL NUMBER IDENTIFIER | |
| control field | EG-ScBUE |
| 005 - DATE AND TIME OF LATEST TRANSACTION | |
| control field | 20210425101811.0 |
| 008 - FIXED-LENGTH DATA ELEMENTS--GENERAL INFORMATION | |
| fixed length control field | 050616s2005 xxkf f b 001 0 eng d |
| 020 ## - INTERNATIONAL STANDARD BOOK NUMBER | |
| International Standard Book Number | 0521781442 (hbk.) |
| 020 ## - INTERNATIONAL STANDARD BOOK NUMBER | |
| International Standard Book Number | 9780521781442 |
| 040 ## - CATALOGING SOURCE | |
| Original cataloging agency | UKM |
| Language of cataloging | eng |
| Description conventions | rda |
| Transcribing agency | UKM |
| Modifying agency | C#P |
| -- | OCLCQ |
| -- | DLC |
| -- | EG-ScBUE |
| 043 ## - GEOGRAPHIC AREA CODE | |
| Geographic area code | e-uk--- |
| 082 04 - DEWEY DECIMAL CLASSIFICATION NUMBER | |
| Classification number | 820.9005 |
| Item number | CAM |
| Edition number | 22 |
| 245 04 - TITLE STATEMENT | |
| Title | The Cambridge history of English literature, 1660-1780 / |
| Statement of responsibility, etc | edited by John Richetti. |
| 246 30 - VARYING FORM OF TITLE | |
| Title proper/short title | History of English literature, 1660-1780 |
| 246 30 - VARYING FORM OF TITLE | |
| Title proper/short title | English literature, 1660-1780 |
| 264 #1 - PUBLICATION, DISTRIBUTION, ETC. (IMPRINT) | |
| Place of publication, distribution, etc | Cambridge, UK : |
| Name of publisher, distributor, etc | Cambridge University Press, |
| Date of publication, distribution, etc | 2005. |
| 300 ## - PHYSICAL DESCRIPTION | |
| Extent | xviii, 945 pages : |
| Other physical details | plates ; |
| Dimensions | 24 cm. |
| 336 ## - CONTENT TYPE | |
| Source | rdacontent |
| Content type term | text |
| Content type code | txt |
| 337 ## - MEDIA TYPE | |
| Source | rdamedia |
| Media type term | unmediated |
| Media type code | n |
| 338 ## - CARRIER TYPE | |
| Source | rdacarrier |
| Carrier type term | volume |
| Carrier type code | nc |
| 490 0# - SERIES STATEMENT | |
| Series statement | The new Cambridge history of English literature |
| 504 ## - BIBLIOGRAPHY, ETC. NOTE | |
| Bibliography, etc | Includes bibliographical references and index. |
| 650 #7 - SUBJECT ADDED ENTRY--TOPICAL TERM | |
| Topical term or geographic name as entry element | English literature |
| Chronological subdivision | 18th century |
| General subdivision | History and criticism. |
| 9 (RLIN) | 37269 |
| Source of heading or term | BUEsh |
| 650 #7 - SUBJECT ADDED ENTRY--TOPICAL TERM | |
| Topical term or geographic name as entry element | English literature |
| Chronological subdivision | Early modern, 1500-1700 |
| General subdivision | History and criticism. |
| Source of heading or term | BUEsh |
| 9 (RLIN) | 19683 |
| 650 #7 - SUBJECT ADDED ENTRY--TOPICAL TERM | |
| Topical term or geographic name as entry element | Literature and society |
| Geographic subdivision | Great Britain |
| General subdivision | History |
| Chronological subdivision | 18th century. |
| Source of heading or term | BUEsh |
| 9 (RLIN) | 37270 |
| 650 #7 - SUBJECT ADDED ENTRY--TOPICAL TERM | |
| Topical term or geographic name as entry element | Literature and society |
| Geographic subdivision | Great Britain |
| General subdivision | History |
| Chronological subdivision | 17th century. |
| Source of heading or term | BUEsh |
| 9 (RLIN) | 37271 |
| 651 ## - SUBJECT ADDED ENTRY--GEOGRAPHIC NAME | |
| Source of heading or term | BUEsh |
| 653 ## - INDEX TERM--UNCONTROLLED | |
| Arrived date list | January2015 |
| Resource For college | Humanities: English |
| 655 ## - INDEX TERM--GENRE/FORM | |
| Form subdivision | Reading book |
| 9 (RLIN) | 34232 |
| 700 1# - ADDED ENTRY--PERSONAL NAME | |
| Personal name | Richetti, John J. |
| 9 (RLIN) | 37272 |
| Relator term | editor. |
| 942 ## - ADDED ENTRY ELEMENTS (KOHA) | |
| Source of classification or shelving scheme | Dewey Decimal Classification |
| Call number prefix | 820.9005 CAM |
| Koha item type | Book - Borrowing |
| Withdrawn status | Lost status | Source of classification or shelving scheme | Damaged status | Not for loan | Collection code | Home library | Current library | Shelving location | Date acquired | Source of acquisition | Cost, normal purchase price | Serial Enumeration / chronology | Total Checkouts | Total Renewals | Full call number | Barcode | Date last seen | Date checked out | Cost, replacement price | Koha item type |
|---|---|---|---|---|---|---|---|---|---|---|---|---|---|---|---|---|---|---|---|---|
| Dewey Decimal Classification | Baccah | Central Library | Central Library | Second Floor | 19/01/2015 | 1983.00 | 21291 | 5 | 17 | 820.9005 CAM | 000037334 | 15/07/2025 | 07/01/2019 | 2479.00 | Book - Borrowing |